000 00251 a2200097 4500
020 _a9780823941346
041 _aspa
100 _aTheodore Link
245 _aGeorge Armstrong Custer, grandes personajes en la historia de los Estados Unidos
942 _cBK
999 _c12026
_d12026